Statistiche per Primi 15 paesi interessati da Covid-19 - 1 settembre 2022

Clicka qui per fare il quiz!

Statistiche generali

  • Questo quiz è stato fatto 16 volte
  • Il punteggio medio è 14 su 28

Statistiche sulle risposte

paese% Corretto
Italia
100%
Francia
94%
Germania
94%
Spagna
88%
Stati Uniti
88%
India
81%
Giappone
75%
Russia
69%
Australia
63%
Austria
56%
Brasile
56%
Corea del Sud
56%
Grecia
56%
Paesi Bassi
56%
Portogallo
56%
Regno Unito
56%
Svizzera
56%
Argentina
50%
Slovenia
38%
Danimarca
31%
Israele
25%
Lettonia
25%
Turchia
25%
Estonia
19%
Lituania
13%
Vietnam
13%
Cipro
0%
Georgia
0%

Distribuzione punteggi

Percentile per numero di risposta

Percentuale di utenti per punteggio

I tuoi punteggi nel tempo

Non hai fatto questo quiz